| 000 | 00801nas a2200277 4500 | ||
|---|---|---|---|
| 001 | BR2010001700 | ||
| 003 | BR-BrBNA | ||
| 005 | 20231205114009.0 | ||
| 007 | ta | ||
| 008 | 230509b bl.|||p| |||| 00| 00por d | ||
| 040 |
_aBR-BrBNA _bpor _cBiblioteca Nacional de Agricultura |
||
| 041 | _a(Pt) | ||
| 072 | _aH60 | ||
| 100 | 1 | _aRonchi, C.P. | |
| 100 | 1 | _aSerrano, L.A.L. | |
| 100 | 1 | _aSilva, A.A. | |
| 100 | 1 | _aGuimarães, O.R. | |
| 245 | 1 | _aManejo de plantas daninhas na cultura do tomateiro | |
| 650 | _aTOMATE | ||
| 650 | _aHERBICIDA | ||
| 650 | _aCONTROLE QUÍMICO | ||
| 650 | _aCOMPETIÇÃO DE VARIEDADE | ||
| 773 | 0 |
_tPlanta Daninha (Brazil) _xISSN 0100-8358 _g(Jan-Mar 2010), v. 28(1) p. 215-228 _wBR2010001700 |
|
| 909 |
_a202311 _bLúcia _c55 _dLúcia Elande |
||
| 942 |
_2AGRIS _n0 _cANA |
||
| 999 |
_c206637 _d206637 |
||